00218 a2200085 450000100060000004000240000624000400003024500380007065000240010868504 cAnchieta - Itaigara10aNem todas as girafas são iguaisl10aNem todas as girafas são iguais 4aLiteratura infantil